SZA's UK Singles Chart History - Statistics

General Stats
  • This quiz has been taken 5 times
  • The average score is 10 of 26
Answer Stats
Peak Position Song Weeks On Chart Debut Date % Correct
#13 Good Days 15 Jan 7th 2021
100%
#15 Saturn 13 Mar 7th 2024
100%
#3 Kill Bill 48 Dec 22nd 2022
80%
#3 Kiss Me More 21 Apr 22nd 2021
80%
#10 Rich Baby Daddy 23 Oct 26th 2023
80%
#5 All The Stars 36 Jan 18th 2018
60%
#4 luther 23 Dec 5th 2024
60%
#27 Nobody Gets Me 9 Dec 22nd 2022
60%
#18 Snooze 27 Feb 9th 2023
60%
#21 BMF 11 Jan 9th 2025
40%
#38 I Hate U 11 Dec 16th 2021
40%
#78 Low 5 Mar 2nd 2023
40%
#63 Open Arms 3 Feb 20th 2025
40%
#17 Shirt 14 Nov 10th 2022
40%
#33 30 For 30 11 Jan 9th 2025
20%
#75 Scorsese Baby Daddy 3 Jan 9th 2025
20%
#10 Slime You Out 3 Sep 28th 2023
20%
#31 TELEKINESIS 9 Aug 17th 2023
20%
#44 The Other Side 11 Mar 12th 2020
20%
#55 The Weekend 9 Jan 11th 2018
20%
#12 What Lovers Do 19 Sep 14th 2017
20%
#67 BEAUTIFUL 1 Sep 8th 2022
0%
#88 Consideration 1 Mar 10th 2016
0%
#55 Hit Different 2 Sep 17th 2020
0%
#66 Just Us 4 Jun 6th 2019
0%
#45 Power is Power 5 May 2nd 2019
0%
No matching quizzes found
Score Distribution
Percent of People with Each Score
Percentile by Number Answered
Your Score History
You have not taken this quiz